Sesudah senja

Bibliographic Details
Format: Book
Published: Kuala Lumpur : Utusan Pub.& Dist , 1990
Subjects:

MARC

LEADER 00000cam a2200000 7i4500
001 0000008595
002 000009369
005 20000330.0
020 |a 9676101710 
090 0 0 |a JF   |b SES 
245 1 0 |a Sesudah senja 
260 |a Kuala Lumpur :   |b Utusan Pub.& Dist ,   |c 1990 
300 |a 150p. ;   |c 21cm. 
650 0 0 |a Short stories, Malay 
999 |a 022862   |b BUKU   |c PINJAMAN   |e PERPUSTAKAAN KOMUNITI PETALING JAYA